000 01220cam a22003137a 4500
001 15814211
003 OSt
005 20150408114024.0
008 090713s2009 enka 001 0 eng
010 _a 2009288095
020 _a9780521717892 (pbk.)
035 _a(OCoLC)ocn233263350
040 _aUKM
_cUKM
_dBTCTA
_dBAKER
_dYDXCP
_dBWKUK
_dBWK
_dCDX
_dBWX
_dTTS
_dTFW
_dEUM
_dDLC
042 _aukblcatcopy
_alccopycat
050 0 0 _aQA76.95
_b.T67 2009
082 0 4 _a510.285536
_222
100 1 _aTorrence, Bruce F.
_q(Bruce Follett),
_d1963-
_912091
245 1 4 _aThe student's introduction to Mathematica :
_ba handbook for precalculus, calculus, and linear algebra /
_cBruce Torrence and Eve Torrence.
250 _a2nd ed.
260 _aCambridge ;
_aNew York :
_bCambridge University Press,
_cc2009.
300 _axi, 471 p. :
_bill. ;
_c25 cm.
500 _aPrevious ed.: 1999.
500 _aIncludes index.
630 0 0 _aMathematica (Computer file)
_912092
650 0 _aMathematics
_xData processing.
700 1 _aTorrence, Eve A.
_q(Eve Alexandra),
_d1963-
_912093
942 _2ddc
_cBOOK
999 _c22226
_d256726